Can you guess regions of Grudziadz / nazwij Dzielnice Grudziądza - Statistics

General Stats
  • This quiz has been taken 8 times
  • The average score is 6 of 14
Answer Stats
Hint Answer % Correct
South Mniszek
100%
North east Owczarki
83%
South west Rządz
83%
South west (higher than the last one) Strzemięcin
67%
North Tarpno
67%
Central South Lotnisko
50%
Lake region Rudnik
33%
Central west Chełmińskie przedmieście
17%
Central north Kuntersztyn
17%
East South Pastwisko
17%
North west (Kinda) Środmieście
17%
Central east Tuszewo
17%
East South (higher than the last one) Węgrowo
17%
Central east (more east than the last one) Sadowo
0%
No matching quizzes found
Score Distribution
Percent of People with Each Score
Percentile by Number Answered
Your Score History
You have not taken this quiz